| 000 | 01169nam a2200217Ia 4500 | ||
|---|---|---|---|
| 999 |
_c37813 _d37813 |
||
| 001 | 3790 | ||
| 003 | GE_BSU | ||
| 005 | 20190812170753.0 | ||
| 008 | 181216s2005||||ge |||||||||||||| ||geo|| | ||
| 040 | _cGE_BSU | ||
| 041 | _ageo | ||
| 080 | _a08 კ–83 | ||
| 245 |
_aშოთა რუსთაველის სახ. უნ–ტი : _bკრებული 4 / _cტომის რედ. მამია ფაღავა, ელგუჯა მაკარაძე. სამხრ. დასავ. საქ–ს სამეცნ. კვლევითი ცენტრი. |
||
| 264 |
_aბათუმი : _bბათუმის უნ–ტი, _c2005. |
||
| 300 |
_a177 გვ. ; _b27 სმ. |
||
| 653 | _aკრებული | ||
| 700 |
_aფაღავა, მამია _eრედაქტორი _9142 |
||
| 700 |
_aმაკარაძე, ელგუჯა _eრედაქტორი _93521 |
||
| 710 |
_aშოთა რუსთაველის სახ. უნ–ტი. სამხრ. დასავ. საქ–ს სამეცნ. კვლევითი ცენტრი _93522 |
||
| 942 |
_cBK _2udc |
||